Разработка и исследование прибора контроля электризации материалов и изделий: Отчет о НИР; Тема : х/д 8-45/80

Detalles Bibliográficos
Autor Corporativo: Томский политехнический институт (ТПИ) (595)
Otros Autores: Лещенко И. Г. Иван Гаврилович (руководитель), Мисьник А. А. (исполнитель)
Lenguaje:ruso
Publicado: Томск, 1981
Materias:
Formato: Libro
KOHA link:https://koha.lib.tpu.ru/cgi-bin/koha/opac-detail.pl?biblionumber=160474

MARC

LEADER 00000nbm0a2200000 4500
001 160474
005 20231031155558.0
029 0 0 |a SU  |b 01823016681  |f ТПУ 
035 |a (RuTPU)RU\TPU\book\174020 
035 |a RU\TPU\book\170674 
090 |a 160474 
100 |a 20090522d1981 k y0rusy50 ca 
101 0 |a rus 
102 |a RU 
105 |a a p 001zy 
200 1 |a Разработка и исследование прибора контроля электризации материалов и изделий  |e Отчет о НИР  |e Тема : х/д 8-45/80  |f Томский политехнический институт (ТПИ) ; руководитель И. Г. Лещенко ; А. А. Мисьник 
210 |a Томск  |d 1981 
215 |a 76 л. 
320 |a Библиогр.: с. 51-52. 
610 1 |a отчеты о НИР 
610 1 |a электризация 
610 1 |a электрометры 
610 1 |a статические преобразователи 
610 1 |a индукционные преобразователи 
610 1 |a статическое электричество 
610 1 |a устройства измерения 
675 |a 621.317.72(04)  |v 3 
702 1 |a Лещенко  |b И. Г.  |c российский ученый  |c профессор кафедры информационно-измерительной техники ТПИ  |f 1924-1989  |g Иван Гаврилович  |2 stltpush  |3 (RuTPU)RU\TPU\pers\19833  |4 673 
702 1 |a Мисьник  |b А. А.  |4 677 
712 0 2 |a Томский политехнический институт (ТПИ)  |c (1944-1991)  |2 stltpush  |3 (RuTPU)RU\TPU\col\1123  |4 595 
801 1 |a RU  |b 63413507  |c 20090407  |g PSBO 
801 2 |a RU  |b 63413507  |c 20090522  |g PSBO 
942 |c BK